000 00663nam a22001697a 4500
003 OSt
005 20171010095524.0
008 120824t xxu||||| |||| 00| 0 eng d
040 _aMMSU
_cULS
100 _aPondoc, Dionesio C.
_912333
245 _aSynthesis and characterization of cordierite prepared from mixtures of Philippine kaolinite clay, talc and other additives
_cDionesio C. Pondoc
260 _c2006
300 _axx, 180 leaves
_c28 cm.
500 _aThesis (MS Materials Science and Engineering) -- University of the Philippines-College of Engineering, Diliman, Quezon City
504 _aBibliography: leaves 111-113
942 _2ddc
_cTHEDIS
999 _c9777
_d9777